000 00457nam a2200181Ia 4500
008 240925s9999 xx 000 0 und d
020 _aNA
082 _a510 SHA
100 _aShaikh, Noor Mustafa
245 0 _aMathematics for class XI
250 _aNA
260 _aKarachi:
_bAl-Safua Enterprises
_cNA
300 _a374p.
_b0
_fOriginal
500 _aIncludes Index
600 _aHumanities & Natural Science
650 _aMathematics
942 _cBK
999 _c17920
_d17920